00000000cam 2200000zi 4500
0019.958169
003CaOODSP
00520251211105157
006m     o  d f      
007cr bn|||||||||
008251211e19620320onc     o    f000 0 eng d
040 |aCaOODSP|beng|erda|cCaOODSP
043 |an-cn-nt
0861 |aEn58-27/5-62E-PDF
1001 |aThompson, H. A., |eauthor.
24510|aTemperature normals, averages and extremes in the Northwest Territories during the period 1931 to 1960 / |cby H.A. Thompson.
264 1|aToronto, Ontario : |bMeteorological Branch, Department of Transport, |cMarch 20, 1962.
300 |a1 online resource (25 pages).
336 |atext|btxt|2rdacontent
337 |acomputer|bc|2rdamedia
338 |aonline resource|bcr|2rdacarrier
4901 |aCDS ; |v#5-62
500 |aDigitized edition from print [produced by Environment and Climate Change Canada].
520 |a"These Climatic Data sheets contain monthly and annual normals and averages of maximum, minimum and mean temperatures and extremes maximum and minimum temperatures for those stations in the Northwest Territories that were in operation during all, or part of, the 1951-1960 decade"--Page [1].
650 0|aAtmospheric temperature|zNorthwest Territories|vObservations.
650 6|aTempérature atmosphérique|zTerritoires du Nord-Ouest|vObservations.
7101 |aCanada. |bMeteorological Branch, |eissuing body.
830#0|aCDS ;|vno. 5-62.|w(CaOODSP)9.932874
85640|qPDF|s5830 KB|uhttps://publications.gc.ca/collections/collection_2025/eccc/en58/En58-27-5-62-eng.pdf